000 00368nam a2200133Ia 4500
008 210210b2003 xxu||||| |||| 00| 0 eng d
082 _a398.1K RAMJ
100 _aRAMACHANDREGAUDA (Hi Shi).
245 _aJanapada anvayikate.
260 _aBengaluru
_bKarnataka Janapada mattu Yakshagana Akademi.,
_c2003
300 _a20,215
690 _aFolklore
906 _aSG04180
999 _c115190
_d115190